Suburbs of Darwin and Palmerston - Statistics

General Stats
  • This quiz has been taken 84 times
  • The average score is 29 of 65
Answers on the Map
Answers color-coded by a green-red scale on the quiz's map according to % correct below.
 
Answer Stats
Answer % Correct
Darwin City
89%
Palmerston City
79%
Casuarina
74%
Fannie Bay
68%
Nightcliff
68%
Parap
66%
Stuart Park
66%
Leanyer
61%
Bayview
58%
Karama
58%
Lee Point
58%
Moil
58%
Tiwi
58%
Larrakeyah
55%
Millner
55%
Muirhead
55%
Rapid Creek
55%
Wanguri
55%
East Point
53%
Malak
53%
The Gardens
53%
Winnellie
53%
Anula
50%
The Narrows
50%
Berrimah
47%
Coconut Grove
47%
Jingili
47%
Woolner
47%
Brinkin
45%
Charles Darwin
45%
Lyons
45%
Moulden
45%
Nakara
45%
Rosebery
45%
Wagaman
45%
Wulagi
45%
Driver
42%
Gray
42%
Ludmilla
42%
Marrara
42%
Pinelands
42%
Zuccoli
42%
Alawa
39%
Bakewell
39%
Buffalo Creek
39%
East Arm
39%
Eaton
37%
Woodroffe
37%
Yarrawonga
37%
Bellamack
34%
Durack
34%
Johnston
32%
Marlow Lagoon
32%
Archer
29%
Hidden Valley
29%
Knuckey Lagoon
29%
Mitchell
29%
Tivendale
29%
Farrar
26%
Gunn
26%
Elrundie
24%
Holmes
21%
Wishart
21%
Coonawarra
18%
Micket Creek
16%
No matching quizzes found
Score Distribution
Percent of People with Each Score
Percentile by Number Answered
Your Score History
You have not taken this quiz